000
00228 a2200097 4500
001
15170
100
_a
Miller D
245
_a
examples in technical drawing
260
_a
London
_b
The grant Education Co
_c
090
_c
11914
_d
11914
942
_a
NUST-CAE
_c
M
_c
2130
999
_c
250243
_d
250243